书目信息 |
| 题名: |
高分子材料成型加工技术
|
|
| 作者: | 杨小燕 主编 | |
| 分册: | ||
| 出版信息: | 北京 化学工业出版社 2015.11 |
|
| 页数: | 348页 | |
| 开本: | 26cm | |
| 丛书名: | ||
| 单 册: | ||
| 中图分类: | TQ316 | |
| 科图分类: | ||
| 主题词: | 高聚物--生产过程 | |
| 电子资源: | ||
| ISBN: | 7-122-07542-7 | |
| 000 | 00592nam0 2200193 450 | |
| 001 | 139 | |
| 005 | 20160905165737.54 | |
| 010 | @a7-122-07542-7@dCNY38.00 | |
| 100 | @a20160720d2015 km y0chiy0120 ea | |
| 101 | 0 | @achi |
| 102 | @aCN@b110000 | |
| 200 | 1 | @a高分子材料成型加工技术@Agao fen zi cai liao cheng xing jia gong ji shu@f杨小燕主编@Fyang xiao yan zhu bian |
| 210 | @a北京@c化学工业出版社@d2015.11 | |
| 215 | @a348页@d26cm | |
| 606 | 0 | @a高聚物@x生产过程 |
| 690 | @aTQ316@v4 | |
| 701 | 0 | @a杨小燕@Ayang xiao yan@4主编 |
| 801 | 0 | @aCN@b唐山师范学院图书馆@c20160720 |
| 905 | @aZUCC@dTQ316@e12 | |
| 高分子材料成型加工技术/杨小燕主编.-北京:化学工业出版社,2015.11 |
| 348页;26cm |
| ISBN 7-122-07542-7:CNY38.00 |
| ● |
| 相关链接 |
|
|
|
|
正题名:高分子材料成型加工技术
索取号:TQ316/12
 
预约/预借
| 序号 | 登录号 | 条形码 | 馆藏地/架位号 | 状态 | 备注 |
| 1 | 900573 | 209005734 | 第二样本阅览室/ [索取号:TQ316/12] | 在馆 | |
| 2 | 900574 | 209005743 | 第三借阅区/ [索取号:TQ316/12] | 在馆 | |
| 3 | 900575 | 209005752 | 第三借阅区/ [索取号:TQ316/12] | 在馆 | |
| 4 | 900576 | 209005761 | 密集书库-化学系/ [索取号:TQ316/12] | 在馆 |